Best WW2 German Generals - Statistics

General Stats
  • This quiz has been taken 210 times
  • The average score is 5 of 10
Answer Stats
Hint Answer % Correct
3 Erwin Rommel
97%
1 Erich von Manstein
80%
2 Heinz Guderian
70%
4 Walter Model
51%
7 Fedor von Bock
46%
8 Gerd von Rundstedt
43%
5 Albert Kesselring
32%
9 Gunther von Kluge
27%
6 Gotthard Heinrici
13%
10 Ferdinand Schorner
6%
No matching quizzes found
Score Distribution
Percent of People with Each Score
Percentile by Number Answered
Your Score History
You have not taken this quiz